| 000 | 00380 a2200145 4500 | ||
|---|---|---|---|
| 001 | 48837 | ||
| 040 | _cAnchieta - Bela Vista | ||
| 100 | _aComapny, Mercè | ||
| 240 | 1 | 0 |
_a#As trigêmeas e Branca de Neve e os sete anões _lpor |
| 245 | 1 | 0 | _a#As trigêmeas e Branca de Neve e os sete anões |
| 300 | _a31 | ||
| 362 | 0 | _a2006 | |
| 650 | 4 | _aLiteratura infanto-juvenil | |
| 942 | _cBK | ||
| 999 |
_c48837 _d48837 |
||